[Event "AUTO-INT-1017"]
[Site "http://www.queenalice.com/game.php?id=454995"]
[Date "2008.8.28"]
[Round "1"]
[White "Double_Two"]
[Black "QuickQuickSlow"]
[Result "0-1"]
[WhiteElo "1747"]
[BlackElo "2099"]

1. e4 c6 2. c4 d5 3. cxd5 cxd5 4. exd5 Nf6 5. Bb5+ Bd7 6. Nc3 a6 7. Bc4 b5 8.
Bb3 Bg4 9. f3 Bc8 10. a3 Bb7 11. Nge2 Nxd5 12. O-O e6 13. Re1 Nd7 14. d3 N7f6
15. Nf4 Bc5+ 16. d4 Be7 17. Qd2 O-O 18. Re5 Nxf4 19. Qxf4 Bd6 20. Qh4 Bxe5 21.
dxe5 Nd5 22. Bg5 Qb6+ 23. Kh1 Nxc3 24. bxc3 Qc5 25. Bc2 g6 26. Bf6 Qxc3 27. Rc1
Qe3 28. Rg1 Rfc8 29. f4 Rxc2 30. Qg4 Rc1 31. Rxc1 Qxc1+ 0-1

[Event "AUTO-INT-1017"]
[Site "http://www.queenalice.com/game.php?id=454996"]
[Date "2008.8.28"]
[Round "1"]
[White "QuickQuickSlow"]
[Black "Double_Two"]
[Result "1-0"]
[WhiteElo "1967"]
[BlackElo "1718"]

1. d4 d5 2. c4 Nf6 3. cxd5 Qxd5 4. Nf3 Bg4 5. Nc3 Qd8 6. Bg5 Nd5 7. e3 h6 8. Bh4
a6 9. Bc4 c6 10. Qb3 b5 11. Bxd5 Bxf3 12. Bxf7+ Kd7 13. Qe6+ Kc7 14. Bg3+ Kb6
15. gxf3 Nd7 16. Nd5+ Kb7 17. Nb4 Rc8 18. Rc1 Nb8 19. Bxb8 Rxb8 20. Qxc6+ 1-0

[Event "AUTO-INT-1017"]
[Site "http://www.queenalice.com/game.php?id=454997"]
[Date "2008.8.28"]
[Round "1"]
[White "Double_Two"]
[Black "Wecker"]
[Result "1-0"]
[WhiteElo "1729"]
[BlackElo "1660"]

1. e4 e5 2. Nf3 Nc6 3. d4 exd4 4. Nxd4 Bc5 5. Be3 Qf6 6. c3 d6 7. Qa4 Bd7 8. Qc4
Nge7 9. Be2 Be6 10. Nxe6 Qxe6 11. O-O Ne5 12. Qb5+ c6 13. Qxb7 O-O 14. Qb3 Rab8
15. Qxe6 fxe6 16. Bxc5 dxc5 17. Nd2 Rxb2 18. Rfd1 Rd8 19. f4 Nf7 20. Bc4 Rdxd2
21. Rxd2 Rxd2 22. Bxe6 g6 23. a4 Rc2 24. c4 Re2 25. e5 Kg7 26. h3 Nh6 27. Rd1
Nhf5 28. Rd7 Re4 29. Bxf5 gxf5 30. Rxe7+ Kg6 31. Re6+ Kg7 32. Rxc6 Rxf4 33. Rxc5
Re4 34. a5 Kf7 35. Rc7+ Ke8 36. Rxa7 Rxe5 37. a6 Rc5 38. Rxh7 Rxc4 39. Rb7 1-0

[Event "AUTO-INT-1017"]
[Site "http://www.queenalice.com/game.php?id=454998"]
[Date "2008.8.28"]
[Round "1"]
[White "Wecker"]
[Black "Double_Two"]
[Result "0-1"]
[WhiteElo "1475"]
[BlackElo "1723"]

1. e4 c5 2. Nf3 Nf6 3. Nc3 d5 4. e5 Nfd7 5. Nxd5 Nxe5 6. Bb5+ Nec6 7. Nc3 Bg4 8.
h3 Bh5 9. g4 Bg6 10. Ne5 Qd6 11. Bxc6+ Nxc6 12. Nxg6 Qe6+ 13. Qe2 Qxg6 14. Nb5
Rc8 15. d3 a6 16. Nc3 Nd4 17. Qd1 Qe6+ 18. Be3 Qe5 19. Ne4 e6 20. Qd2 Nf3+ 0-1

[Event "AUTO-INT-1017"]
[Site "http://www.queenalice.com/game.php?id=454999"]
[Date "2008.8.28"]
[Round "1"]
[White "Double_Two"]
[Black "EternalChess"]
[Result "1-0"]
[WhiteElo "1709"]
[BlackElo "1559"]

1. e4 e5 2. Nf3 Nc6 3. Nc3 Nf6 4. Bc4 Bb4 5. Nd5 Nxd5 6. Bxd5 Be7 7. d3 Nd4 8.
Nxe5 d6 9. Nxf7 Qd7 10. Nxh8 Ne6 11. Qh5+ Kd8 12. Qxh7 1-0

[Event "AUTO-INT-1017"]
[Site "http://www.queenalice.com/game.php?id=455000"]
[Date "2008.8.28"]
[Round "1"]
[White "EternalChess"]
[Black "Double_Two"]
[Result "0-1"]
[WhiteElo "1412"]
[BlackElo "1719"]

1. d4 d5 2. Nc3 c5 3. dxc5 e6 4. b4 a6 5. a4 Nc6 6. Nf3 Nf6 7. Bg5 h6 8. Bxf6
Qxf6 9. Na2 Be7 10. g3 O-O 11. Bg2 Nxb4 12. a5 Bxc5 13. O-O Bd7 14. Nxb4 Bxb4
15. Bh3 Bb5 16. c3 Bxc3 17. Rc1 Bxa5 18. Qd4 Qxd4 19. Nxd4 Bc4 20. Ra1 Bc3 21.
Rad1 e5 22. Rc1 Bxd4 23. Rfe1 f5 24. g4 fxg4 25. Bxg4 Bxf2+ 26. Kf1 Be3+ 27. Kg2
Bxc1 28. Be6+ Kh8 29. Rxc1 Bxe2 30. Bxd5 Rab8 31. Rc2 Bd3 32. Rd2 e4 33. Rf2 e3
0-1

[Event "Challenge"]
[Site "http://www.queenalice.com/game.php?id=458327"]
[Date "2008.9.4"]
[Round "-"]
[White "Danilo"]
[Black "Double_Two"]
[Result "1-0"]
[WhiteElo "1800"]
[BlackElo "1731"]

1. d4 e6 2. e4 Nc6 3. a3 d6 4. Nf3 h6 5. c4 Nf6 6. Nc3 Ng4 7. h3 Nxf2 8. Kxf2
Be7 9. Ke2 O-O 10. Be3 b6 11. Qd2 Ba6 12. Ke1 Bf6 13. b4 Ne7 14. c5 Bxf1 15.
Rxf1 1-0

[Event "Challenge"]
[Site "http://www.queenalice.com/game.php?id=462593"]
[Date "2008.9.13"]
[Round "-"]
[White "rdaigle2003"]
[Black "Double_Two"]
[Result "0-1"]
[WhiteElo "1663"]
[BlackElo "1712"]

1. c4 e5 2. e4 Nf6 3. d3 Bb4+ 4. Bd2 Nc6 5. Nc3 O-O 6. Nf3 h6 7. Be2 d6 8. a3
Ba5 9. b4 Bb6 10. b5 Nd4 11. Be3 Be6 12. Bf1 Bg4 13. Na4 Ba5+ 14. Bd2 Bxd2+ 15.
Qxd2 Nb3 16. Qd1 Nxa1 17. Qxa1 Bxf3 18. gxf3 Nh5 19. Be2 Nf4 20. Bf1 c6 21. bxc6
Qa5+ 22. Nc3 bxc6 23. Be2 Ng2+ 24. Kf1 Nf4 25. Bd1 Nxd3 26. Qb1 Qxc3 27. Kg2
Qxc4 28. Be2 Nf4+ 29. Kg3 Nxe2+ 30. Kg2 f5 31. Qd1 Rf6 32. Re1 Rg6+ 33. Kh3 Nf4+
0-1

[Event "Challenge"]
[Site "http://www.queenalice.com/game.php?id=462796"]
[Date "2008.9.13"]
[Round "-"]
[White "pierjean"]
[Black "Double_Two"]
[Result "0-1"]
[WhiteElo "1470"]
[BlackElo "1742"]

1. e4 e5 2. Nf3 Nf6 3. Bc4 Nxe4 4. Nxe5 d5 5. Qf3 Be6 6. Bb3 Qf6 7. d4 Bb4+ 8.
c3 Bd6 9. h4 Bxe5 10. dxe5 Qxe5 11. O-O O-O 12. Bf4 Qf5 13. Na3 c6 14. Bc2 Nd7
15. Rfe1 Ndf6 16. Bd3 Qg6 17. Re3 Bg4 18. Bxe4 Nxe4 19. Bd6 Bxf3 20. Rxf3 Qxd6
0-1

[Event "AUTO-INT-984"]
[Site "http://www.queenalice.com/game.php?id=487233"]
[Date "2008.11.2"]
[Round "2"]
[White "I_might_be_a_duck"]
[Black "Double_Two"]
[Result "0-1"]
[WhiteElo "1689"]
[BlackElo "1737"]

1. e4 c5 2. Bc4 Nc6 3. Nf3 d6 4. O-O Nf6 5. d3 Bg4 6. h3 Bh5 7. a3 Nd4 8. Nbd2
b5 9. Ba2 e6 10. c3 Nxf3+ 11. Nxf3 Be7 12. g4 Nxg4 0-1

[Event "AUTO-INT-984"]
[Site "http://www.queenalice.com/game.php?id=487234"]
[Date "2008.11.2"]
[Round "2"]
[White "Double_Two"]
[Black "I_might_be_a_duck"]
[Result "1-0"]
[WhiteElo "1751"]
[BlackElo "1675"]

1. e4 e5 2. Nf3 Nc6 3. d4 exd4 4. Nxd4 Nxd4 5. Qxd4 b6 6. Bc4 Bb7 7. Nc3 Nf6 8.
Bg5 Bc5 9. Qe5+ Be7 10. Bxf6 gxf6 11. Qh5 1-0

[Event "AUTO-INT-984"]
[Site "http://www.queenalice.com/game.php?id=487237"]
[Date "2008.11.2"]
[Round "2"]
[White "Double_Two"]
[Black "elisangela"]
[Result "0-1"]
[WhiteElo "1834"]
[BlackElo "1727"]

1. e4 e6 2. d4 Qh4 3. Nc3 Bb4 4. Bd3 Nf6 5. Nf3 Qg4 6. O-O Qh5 7. a3 Bxc3 8.
bxc3 d5 9. e5 Ng4 10. h3 Nh6 11. c4 c6 12. cxd5 exd5 13. Be3 Bxh3 14. gxh3 Qxh3
15. Nh2 b5 16. Qf3 Qxf3 17. Nxf3 Ng4 18. Bf4 O-O 19. Bg3 Nd7 20. Be2 f6 21. e6
Nb6 22. Nh4 h5 23. Ng6 Rfe8 24. Bxg4 hxg4 25. Rae1 Nc4 26. Kg2 Kh7 27. Nf4 Nxa3
28. Nh5 Nxc2 29. Rc1 Nxd4 30. Bd6 Rxe6 31. Bc5 Nb3 32. Rc3 Nxc5 33. Rxc5 a5 34.
Rh1 Kg8 35. Nf4 Rd6 36. Kg3 f5 37. Rh5 Rf6 38. Rg5 a4 39. Ng6 Re8 40. Rh5 Rxg6
41. Rxf5 Re4 42. Kg2 a3 43. Rc2 b4 44. Ra2 Kh7 45. Rh5+ Rh6 46. Rg5 g6 47. f3
gxf3+ 48. Kxf3 Rh3+ 49. Kg2 Kh6 50. Rxg6+ Kxg6 51. Kxh3 Kf5 52. Kg3 c5 53. Kf3
c4 0-1

[Event "AUTO-INT-984"]
[Site "http://www.queenalice.com/game.php?id=487238"]
[Date "2008.11.2"]
[Round "2"]
[White "elisangela"]
[Black "Double_Two"]
[Result "0-1"]
[WhiteElo "1770"]
[BlackElo "1791"]

1. e3 e5 2. a3 Nf6 3. h3 d5 4. g4 h6 5. b4 Be6 6. Bb2 Bd6 7. c4 dxc4 8. Nc3 b5
9. Nxb5 O-O 10. Nxd6 cxd6 11. Qc2 Bd5 12. f3 Nbd7 13. e4 Be6 14. h4 h5 15. g5
Nh7 16. Bxc4 Rc8 17. d3 Nb6 18. Rc1 Nxc4 19. dxc4 g6 20. Qa4 Rc7 21. Ne2 Rxc4
22. Rxc4 Bxc4 23. Qxa7 Re8 24. Qe3 Nf8 25. O-O Ne6 26. Rc1 Bb5 27. Rd1 Qc7 28.
Rc1 Qb8 29. Nc3 Ba6 30. Nd5 Kg7 31. Rc6 Bc8 32. Rb6 Bb7 33. Rxd6 Qxd6 34. Nc3
Rd8 35. Nd5 Bxd5 36. exd5 Qxd5 37. Bxe5+ Kf8 38. Kg2 Qd2+ 39. Qxd2 Rxd2+ 40. Kg3
Ra2 41. Bd6+ Ke8 42. b5 Kd7 43. Bb4 Kc7 44. Ba5+ Kb7 45. Kh3 Rxa3 0-1

[Event "Challenge"]
[Site "http://www.queenalice.com/game.php?id=492026"]
[Date "2008.11.12"]
[Round "-"]
[White "Double_Two"]
[Black "BboyH"]
[Result "0-1"]
[WhiteElo "1764"]
[BlackElo "1839"]

1. e4 e5 2. Nf3 Nc6 3. d4 exd4 4. Nxd4 Qf6 5. c3 Bc5 6. Be3 Nge7 7. Bc4 b6 8.
O-O Bb7 9. Qd3 O-O-O 10. a3 d5 11. exd5 Nxd5 12. Nd2 Ne5 13. Qc2 Nxe3 14. fxe3
Qg5 15. e4 f6 16. Nf3 Nxf3+ 17. Rxf3 Bxd4+ 18. cxd4 Rxd4 19. Rg3 Qc5 20. Be6+
Kb8 21. Qxc5 bxc5 22. Re1 g6 23. Re2 Bxe4 24. Rc3 Re8 25. Bb3 f5 26. Rxc5 Rd3
27. Bc2 Rd4 28. h3 h5 0-1

[Event "4^European Cup"]
[Site "http://www.queenalice.com/game.php?id=588616"]
[Date "2009.5.15"]
[Round "1"]
[White "Double_Two"]
[Black "Maciej1980"]
[Result "0-1"]
[WhiteElo "1785"]
[BlackElo "2061"]

1. e4 e5 2. Nf3 Nc6 3. d4 exd4 4. Nxd4 Bc5 5. Be3 Qf6 6. c3 Nge7 7. Bc4 Ne5 8.
Bb3 Qg6 9. O-O d5 10. exd5 Bh3 11. g3 Qe4 12. f3 Qxe3+ 13. Rf2 Nd3 14. Qd2 Qxf2+
15. Qxf2 Nxf2 16. Kxf2 Bxd4+ 17. cxd4 Bf5 18. Nd2 O-O-O 19. Re1 Rhe8 20. g4 Bg6
21. h4 h5 22. Kg3 c6 23. dxc6 Nxc6 24. Rc1 Rxd4 25. gxh5 Bxh5 0-1

[Event "AUTO-ADV-1338"]
[Site "http://www.queenalice.com/game.php?id=592135"]
[Date "2009.5.22"]
[Round "1"]
[White "Svolo"]
[Black "Double_Two"]
[Result "0-1"]
[WhiteElo "1779"]
[BlackElo "1820"]

1. e4 c5 2. Bc4 Nc6 3. d3 e6 4. Nh3 Nf6 5. Ng5 h6 6. Nf3 a6 7. e5 Nd5 8. Bxd5
exd5 9. O-O d6 10. exd6 Bxd6 11. Re1+ Ne7 12. b3 O-O 13. g3 Bg4 14. Nc3 b5 15.
Ne2 Bxf3 0-1

[Event "AUTO-ADV-1338"]
[Site "http://www.queenalice.com/game.php?id=592136"]
[Date "2009.5.22"]
[Round "1"]
[White "Double_Two"]
[Black "Svolo"]
[Result "0-1"]
[WhiteElo "1760"]
[BlackElo "1747"]

1. e4 e5 2. Nf3 d6 3. d4 Nc6 4. dxe5 Nxe5 5. Nxe5 dxe5 6. Qxd8+ Kxd8 7. Bc4 f6
8. Nc3 Bb4 9. Bd2 Nh6 10. O-O-O Bd6 11. h3 Bd7 12. Nb5 Bxb5 13. Bxb5 Nf7 14. Bc4
Ng5 15. f3 Ke7 16. Be3 b6 17. Bd5 Rad8 18. Bxg5 fxg5 19. Rhf1 Rhf8 20. c4 Bc5
21. a3 Rd6 22. Kc2 c6 23. b4 Bd4 24. g4 cxd5 25. exd5 Rc8 26. Kd3 b5 27. Rc1
bxc4+ 28. Kc2 Rxd5 29. Rfe1 Rb8 30. Re4 a5 31. Rb1 axb4 32. axb4 Rdb5 33. h4
Rxb4 34. Rxb4 Rxb4 35. hxg5 Rb2+ 36. Kc1 Rf2 0-1

[Event "AUTO-ADV-1338"]
[Site "http://www.queenalice.com/game.php?id=592147"]
[Date "2009.5.22"]
[Round "1"]
[White "fbenevides"]
[Black "Double_Two"]
[Result "1-0"]
[WhiteElo "1671"]
[BlackElo "1780"]

1. Nf3 d5 2. d4 Nf6 3. e3 e6 4. Nc3 Bb4 5. Bd2 c6 6. h3 Nbd7 7. a3 Bd6 8. b4 Nb6
9. Bd3 Bd7 10. O-O O-O 11. Qe1 Re8 12. e4 dxe4 13. Nxe4 Nxe4 14. Qxe4 g6 15. Bf4
Qc7 16. Bxd6 Qxd6 17. c3 Nd5 18. Rac1 a5 19. c4 Nf4 20. c5 Qc7 21. Bc4 Nh5 22.
bxa5 Rxa5 23. Ra1 Ra4 24. Rfc1 Nf6 25. Qc2 Raa8 26. a4 Qf4 27. Bd3 Nd5 28. Rcb1
Ra7 29. Rb3 Rea8 30. Rba3 Nb4 31. Qb3 Nxd3 32. Qxd3 Rd8 33. a5 Qf5 34. Qxf5 exf5
35. a6 Be6 36. axb7 Rxb7 37. Ra8 Rxa8 38. Rxa8+ Kg7 39. Ra1 Bd5 40. Ne5 1-0

[Event "AUTO-ADV-1338"]
[Site "http://www.queenalice.com/game.php?id=592148"]
[Date "2009.5.22"]
[Round "1"]
[White "Double_Two"]
[Black "fbenevides"]
[Result "1-0"]
[WhiteElo "1806"]
[BlackElo "1752"]

1. d4 d5 2. c4 dxc4 3. Nf3 Qd5 4. Nc3 Qf5 5. e4 Qe6 6. d5 Qd7 7. Bxc4 f5 8. O-O
fxe4 9. Nxe4 h6 10. Re1 e6 11. Nc5 Bxc5 12. Rxe6+ Ne7 13. Ne5 Qd8 14. Qh5+ 1-0

[Event "AUTO-ADV-1338"]
[Site "http://www.queenalice.com/game.php?id=592155"]
[Date "2009.5.22"]
[Round "1"]
[White "Double_Two"]
[Black "countdooku"]
[Result "0-1"]
[WhiteElo "1816"]
[BlackElo "1806"]

1. e4 c5 2. Nf3 d6 3. d4 cxd4 4. Nxd4 Nf6 5. f3 e5 6. Nb3 Be7 7. c4 O-O 8. Nc3
Nc6 9. Be3 b6 10. Nd5 Nxd5 11. cxd5 Nb8 12. Be2 Nd7 13. O-O Bg5 14. Qd3 Bxe3+
15. Qxe3 Nc5 16. Rac1 Bd7 17. Nd2 Rc8 18. b3 Qh4 19. Qf2 Qf4 20. Bc4 f5 21. b4
Na4 22. a3 fxe4 23. fxe4 Qxf2+ 24. Rxf2 Rxf2 25. Kxf2 b5 26. Bxb5 Rxc1 27. Bxd7
Nc3 28. a4 Rc2 0-1

[Event "AUTO-ADV-1338"]
[Site "http://www.queenalice.com/game.php?id=592156"]
[Date "2009.5.22"]
[Round "1"]
[White "countdooku"]
[Black "Double_Two"]
[Result "1-0"]
[WhiteElo "1822"]
[BlackElo "1800"]

1. e4 c5 2. Nf3 d6 3. d4 cxd4 4. Nxd4 Nf6 5. Nc3 a6 6. Bg5 e6 7. Bc4 Be7 8. O-O
O-O 9. Re1 b5 10. Bd3 e5 11. Nf3 Bg4 12. Bxf6 Bxf6 13. Nd5 Nc6 14. c3 b4 15.
cxb4 Nd4 16. Be2 Nxe2+ 17. Qxe2 Bg5 18. h3 Bh5 19. g4 Bg6 20. Nd2 f6 21. Rac1
Bf7 22. Rc6 a5 23. a3 axb4 24. Nxb4 Qa5 25. Rxd6 Qc5 26. Rc6 Qd4 27. Nf3 Qd7 28.
Nxg5 fxg5 29. Rd1 Qb7 30. Qe3 1-0

[Event "4^European Cup"]
[Site "http://www.queenalice.com/game.php?id=655074"]
[Date "2009.9.19"]
[Round "2"]
[White "Double_Two"]
[Black "Sherlock6834"]
[Result "0-1"]
[WhiteElo "1743"]
[BlackElo "2029"]

1. d4 d5 2. c4 c6 3. Nc3 Nf6 4. Nf3 Bf5 5. Bf4 e6 6. e3 Nbd7 7. h3 c5 8. cxd5
exd5 9. Bb5 Qa5 10. O-O Be7 11. Re1 O-O 12. a3 a6 13. Bxd7 Bxd7 0-1